| 000 | 00886nam a2200241Ia 4500 | ||
|---|---|---|---|
| 003 | Ost | ||
| 005 | 20260507075641.0 | ||
| 008 | 260507s9999||||xx |||||||||||||| ||und|| | ||
| 020 | _a9386249960 | ||
| 040 | _cfsecg | ||
| 041 | _aara | ||
| 082 | _a658 | ||
| 100 |
_aأحمد، أحمد عبد الرحمن _eمؤلف |
||
| 245 | 0 |
_aمدخل الى إدارة الأعمال الدولية / _c أحمد عبد الرحمن أحمد |
|
| 250 | _aطبعة 2 | ||
| 260 |
_aالرياض: _bدار المريخ, _c2006 |
||
| 300 |
_a462 صفحة؛ _bإيضاحات ؛ _c24 سم |
||
| 504 | _aالمراجع ص.437 | ||
| 520 | _aمقدمة وخلفية اقتصادية، بيئة إدارة الاعمال الدولية ، تنظيم وظائف الاعمال الدولية | ||
| 653 | _aإدارة الاعمال | ||
| 653 | _aالإقتصاد الدولي | ||
| 942 | _cكتاب | ||
| 999 |
_c45420 _d45420 |
||